000 00679nam a22002177a 4500
003 KOHA_MİRAKIL
005 20260508100356.0
008 260507b tu ||||| |||| 00| 0 tur d
020 _a9750063805
040 _aTR-AnABB
_btur
_cTR-AnABB
041 _atur
082 _bHAY 2005
_a817.42
100 1 _aDemirtaş, Vural
245 1 0 _aHayatın içinden 303 fıkra /
_cDerleyen : Vural Demirtaş
260 _aİstanbul ;
_bSeçil Ofset ,
_c2005
300 _a193 sayfa ;
_c20 cm
500 _aDerleyen tarafından Prof. Dr. Ruşen Keleş için imzalanmıştır.
650 0 4 _aTürk edebiyatı, hiciv
900 _bCan ÇELIK
942 _2ddc
_cBK
999 _c10365
_d10365